[Event "FIDE Online Olympiad"]
[Site "Chess.com"]
[Date "2020.08.02"]
[EventDate "2020.07.31"]
[Round "9"]
[Result "0-1"]
[White "Lesley Cielo"]
[Black "Johan Leon Sandoval"]
[WhiteElo "1243"]
[BlackElo "1667"]
[PlyCount "86"]

1. d4 g6 2. Nf3 Bg7 3. e3 b6 4. Bd3 Bb7 5. Nbd2 Nf6 6. c4 d6
7. Rb1 O-O 8. O-O Nbd7 9. b3 c5 10. d5 e6 11. e4 exd5 12. exd5
Re8 13. Re1 Ng4 14. h3 Nge5 15. Nxe5 Nxe5 16. Be4 Bc8 17. Bb2
f5 18. Bc2 Re7 19. f4 Nf7 20. Bxg7 Kxg7 21. Rxe7 Qxe7 22. Qe1
Qf6 23. Nf3 Bd7 24. Qd2 Re8 25. Re1 Qd8 26. Rxe8 Qxe8 27. Qe1
a6 28. Qxe8 Bxe8 29. Bd3 b5 30. cxb5 axb5 31. Kf2 h6 32. a4
bxa4 33. bxa4 Bxa4 34. h4 Bb3 35. g3 Bxd5 36. Nd2 Be6 37. Bc4
d5 38. Bb5 Nd6 39. Bc6 Kf6 40. Ke2 Ne4 41. Nxe4+ dxe4 42. Ke3
g5 43. Ba4 Bd5 0-1

[Event "FIDE Online Olympiad"]
[Site "Chess.com"]
[Date "2020.08.02"]
[EventDate "2020.07.31"]
[Round "9"]
[Result "0-1"]
[White "Anahi Alexandra Munoz Cortez"]
[Black "Thamara Sagastegui"]
[WhiteElo "1318"]
[BlackElo "1212"]
[PlyCount "108"]

1. e4 e5 2. Nf3 Nc6 3. Bc4 Bc5 4. Nc3 Nf6 5. d3 h6 6. O-O d6
7. h3 O-O 8. a3 a6 9. Ne2 b5 10. Bb3 Be6 11. Bxe6 fxe6 12. Be3
Ba7 13. Bxa7 Rxa7 14. Ng3 Ra8 15. Qe2 Qe7 16. Qe3 Qf7 17. Nh2
Nd4 18. Rac1 c6 19. Ne2 Nxe2+ 20. Qxe2 Qh5 21. Qxh5 Nxh5
22. Nf3 Nf4 23. Rfe1 Nxh3+ 24. gxh3 Rxf3 25. Re3 Rxe3 26. fxe3
Rf8 27. Rf1 Rxf1+ 28. Kxf1 d5 29. exd5 exd5 30. Kf2 Kf7
31. Kf3 Kf6 32. Kg4 Kg6 33. h4 h5+ 34. Kf3 Kf5 35. e4+ dxe4+
36. dxe4+ Kf6 37. b4 g5 38. Kg3 gxh4+ 39. Kxh4 Kg6 40. c3 Kh6
41. Kg3 Kg5 42. Kh3 h4 43. Kg2 Kg4 44. Kh2 h3 45. Kg1 Kg3
46. Kh1 h2 47. a4 bxa4 48. b5 axb5 49. c4 Kf3 50. cxb5 cxb5
51. Kxh2 a3 52. Kg1 a2 53. Kh2 a1=Q 54. Kh3 Qh1# 0-1

[Event "FIDE Online Olympiad"]
[Site "Chess.com"]
[Date "2020.08.07"]
[EventDate "2020.08.07"]
[Round "1"]
[Result "0-1"]
[White "Fadi Eid"]
[Black "Fy Antenaina Rakotomaharo"]
[WhiteElo "2337"]
[BlackElo "2370"]
[PlyCount "42"]

1. e4 c5 2. Nf3 e6 3. d4 cxd4 4. Nxd4 Nf6 5. Nc3 Nc6 6. a3 d6
7. Be3 Be7 8. f4 O-O 9. Qf3 e5 10. Nf5 Bxf5 11. exf5 d5
12. O-O-O e4 13. Qh3 Qa5 14. Nb1 Rfd8 15. g4 d4 16. Bd2 Qc5
17. g5 Rac8 18. Qb3 d3 19. Bc3 Qe3+ 20. Nd2 dxc2 21. Kxc2 Nd4+
0-1

[Event "FIDE Online Olympiad"]
[Site "Chess.com"]
[Date "2020.08.07"]
[EventDate "2020.08.07"]
[Round "1"]
[Result "0-1"]
[White "Elena Nekrasova"]
[Black "Ny Koloina Andrianarison"]
[WhiteElo "1920"]
[BlackElo "1203"]
[PlyCount "132"]

1. e4 d5 2. exd5 Qxd5 3. Nc3 Qd6 4. d4 Nf6 5. Nf3 c6 6. g3
Nbd7 7. Bf4 Qb4 8. Qd2 Qxb2 9. Rb1 Qa3 10. Bg2 e6 11. O-O Nd5
12. Nxd5 cxd5 13. c3 Be7 14. h4 Nf6 15. Ne5 O-O 16. c4 Bd6
17. c5 Bb8 18. Rfe1 Nd7 19. Nxd7 Bxf4 20. Qxf4 Bxd7 21. Rxb7
Bc6 22. Rc7 Bb5 23. Qg5 Qa5 24. Re7 Qxe1+ 25. Kh2 Qxf2 26. Kh3
Bf1 27. Bxf1 Qxf1+ 28. Kg4 Qe2+ 29. Kh3 Rab8 30. h5 Rb2 31. h6
Qh2+ 32. Kg4 Qxh6 33. Qxh6 gxh6 34. Rxa7 Rfb8 35. Kf4 Kg7
36. Ke5 Kg6 37. Kd6 R2b4 38. c6 Rc4 39. c7 Rc8 40. Kd7 R8xc7+
41. Rxc7 Rxd4 42. Ra7 Rd1 43. a4 Ra1 44. a5 e5 45. a6 d4
46. Ra8 Kg7 47. Kc6 d3 48. Kb7 d2 49. Rd8 d1=Q 50. Rxd1 Rxd1
51. a7 Ra1 52. a8=Q Rxa8 53. Kxa8 e4 54. Kb7 e3 55. Kc6 e2
56. Kd5 e1=Q 57. Kd4 Qxg3 58. Kd5 Qe3 59. Kc4 Kf6 60. Kd5 Qd3+
61. Kc5 Ke6 62. Kc6 Qc3+ 63. Kb5 Kd6 64. Kb6 Qb3+ 65. Ka5 Kc6
66. Ka6 Qb6# 0-1

[Event "FIDE Online Olympiad"]
[Site "Chess.com"]
[Date "2020.08.07"]
[EventDate "2020.08.07"]
[Round "1"]
[Result "0-1"]
[White "Faratiana Raharimanana"]
[Black "Maya Jalloul"]
[WhiteElo "1702"]
[BlackElo "1876"]
[PlyCount "98"]

1. e4 c5 2. Nf3 d6 3. d4 cxd4 4. Nxd4 Nf6 5. Nc3 a6 6. Be2 e5
7. Nb3 Be7 8. Bg5 O-O 9. Bxf6 Bxf6 10. Nd5 Nc6 11. c3 Be6
12. O-O Be7 13. Bg4 g6 14. Qd3 Bxg4 15. Qg3 Be6 16. Rad1 Bxd5
17. Rxd5 Qd7 18. Rfd1 Qe6 19. f4 exf4 20. Qxf4 Ne5 21. h3 Rad8
22. Na5 Rd7 23. Nb3 Qf6 24. Qg3 Rdd8 25. Rf1 Qg5 26. Qf2 Qh4
27. Qe2 Rfe8 28. Nd4 Bf8 29. Nf3 Nxf3+ 30. Qxf3 Rd7 31. g4 Qe7
32. Re1 Qe6 33. Re2 Bg7 34. b3 Rc7 35. c4 Rce7 36. Qd3 Be5
37. Qe3 Rc7 38. Qb6 Qe7 39. Kg2 Rc6 40. Qe3 Qh4 41. Qf3 b5
42. Rf2 Rf8 43. c5 Rxc5 44. Rxc5 dxc5 45. Qd3 Rd8 46. Qf3 Qe7
47. Re2 Re8 48. Rd2 Bc7 49. Re2 Qe5 0-1

[Event "FIDE Online Olympiad"]
[Site "Chess.com"]
[Date "2020.08.07"]
[EventDate "2020.08.07"]
[Round "1"]
[Result "0-1"]
[White "Mitia Randriamaharo"]
[Black "Nour Assoum"]
[WhiteElo "1280"]
[BlackElo "1400"]
[PlyCount "26"]

1. e4 e5 2. Nf3 Nc6 3. Bc4 Bc5 4. Nc3 Nf6 5. d3 d6 6. Bd2 Bg4
7. O-O Nd4 8. Be3 Nxf3+ 9. gxf3 Bh3 10. Re1 Bxe3 11. Rxe3 Nh5
12. Qd2 Qg5+ 13. Kh1 Qg2# 0-1

[Event "FIDE Online Olympiad"]
[Site "Chess.com"]
[Date "2020.08.07"]
[EventDate "2020.08.07"]
[Round "1"]
[Result "0-1"]
[White "Geoffrey Luanja"]
[Black "Tupfah Khumnorkaew"]
[WhiteElo "2287"]
[BlackElo "1888"]
[PlyCount "92"]

1. d4 Nf6 2. Bf4 e6 3. e3 d5 4. Nd2 c5 5. c3 Bd6 6. Bg3 O-O
7. Bd3 Nc6 8. Ngf3 b6 9. Ne5 Ne7 10. f4 Nf5 11. Bf2 Be7 12. g4
Nd6 13. Nc6 Qc7 14. Nxe7+ Qxe7 15. Bh4 Bb7 16. O-O Qe8
17. Bxf6 gxf6 18. Qf3 f5 19. Qh3 f6 20. gxf5 exf5 21. Rae1 Qd7
22. Nf3 Kh8 23. Nh4 Qg7+ 24. Kh1 Qg4 25. Bxf5 Qxh3 26. Bxh3
Rae8 27. Nf5 Nc4 28. b3 Nd2 29. Nd6 Nxf1 30. Nxe8 Nxh2 31. Nd6
Nf3 32. Rf1 Nd2 33. Rd1 Ne4 34. Nxe4 dxe4 35. dxc5 bxc5 36. c4
Kg7 37. Bf5 Rf7 38. Kg2 Kf8 39. Kf2 Ke8 40. Rh1 Bc6 41. Rxh7
Rxh7 42. Bxh7 Ke7 43. Bf5 a5 44. Ke2 Kf8 45. Kd2 Kg7 46. Be6
Be8 0-1

[Event "FIDE Online Olympiad"]
[Site "Chess.com"]
[Date "2020.08.07"]
[EventDate "2020.08.07"]
[Round "1"]
[Result "0-1"]
[White "Manunthon Atikankhotchasee"]
[Black "Lorita Mwango"]
[WhiteElo "1549"]
[BlackElo "1874"]
[PlyCount "64"]

1. d4 d5 2. Bg5 Bf5 3. h3 Nd7 4. e3 Ngf6 5. Nf3 e6 6. Nbd2 Be7
7. c4 c6 8. Rc1 O-O 9. Nh4 Bg6 10. Nxg6 hxg6 11. Bd3 Rc8
12. h4 Nh7 13. Bxe7 Qxe7 14. h5 g5 15. h6 g6 16. Qg4 f5
17. Qe2 Ndf6 18. Nf3 Nd7 19. a3 Rf7 20. b4 Rcf8 21. cxd5 exd5
22. O-O g4 23. Nd2 Qh4 24. Rfd1 Qxh6 25. Nf1 Ng5 26. Ng3 Rh7
27. b5 Rf6 28. bxc6 bxc6 29. Rb1 Nb6 30. Rdc1 Qh2+ 31. Kf1
Qh1+ 32. Nxh1 Rxh1# 0-1

[Event "FIDE Online Olympiad"]
[Site "Chess.com"]
[Date "2020.08.07"]
[EventDate "2020.08.07"]
[Round "1"]
[Result "0-1"]
[White "Lubuuto Bwalya Mulwale"]
[Black "Sarocha Chuemsakul"]
[WhiteElo "1702"]
[BlackElo "1694"]
[PlyCount "132"]

1. d4 Nf6 2. c4 c5 3. e3 e6 4. Nc3 cxd4 5. exd4 Bb4 6. Nf3
Bxc3+ 7. bxc3 d5 8. Be3 Qc7 9. Qb3 Nbd7 10. cxd5 Nxd5 11. Rc1
O-O 12. Bd3 b6 13. O-O Bb7 14. c4 Nxe3 15. fxe3 e5 16. Qc2 h6
17. d5 Nc5 18. e4 Qe7 19. Rcd1 Bc8 20. Qc3 Bg4 21. Rd2 Bxf3
22. Rxf3 Rae8 23. Rdf2 Qh4 24. Qc2 Rc8 25. Qe2 Rc7 26. Rh3 Qg5
27. Rg3 Qe7 28. Bc2 a6 29. Qe3 Kh7 30. Qf3 g6 31. Rh3 f6
32. Qe3 Qg7 33. Rff3 b5 34. cxb5 axb5 35. Rh4 g5 36. Rh5 Nd7
37. Bb3 Nc5 38. Rfh3 Nxb3 39. axb3 Rfc8 40. Qf3 Rc1+ 41. Kf2
R8c2+ 42. Kg3 Rc3 43. b4 Rxf3+ 44. gxf3 Rc3 45. Kf2 g4
46. fxg4 Rxh3 47. Rxh3 Qxg4 48. Re3 h5 49. d6 Qd7 50. Rd3 Kg7
51. Ke3 Kf7 52. h4 Ke8 53. Rd5 Qh3+ 54. Kd2 Kd7 55. Rxb5 Kxd6
56. Rd5+ Kc6 57. b5+ Kc7 58. Rc5+ Kb7 59. Rd5 Qxh4 60. Rd6
Qf2+ 61. Kd3 h4 62. Rd7+ Kb6 63. Rh7 Qf1+ 64. Kc3 h3 65. Kd2
h2 66. Rxh2 Qf4+ 0-1

[Event "FIDE Online Olympiad"]
[Site "Chess.com"]
[Date "2020.08.07"]
[EventDate "2020.08.07"]
[Round "1"]
[Result "0-1"]
[White "Julie Wilson"]
[Black "Ghayda M Alattar"]
[WhiteElo "1826"]
[BlackElo "1950"]
[PlyCount "106"]

1. d4 Nf6 2. c4 g6 3. Nc3 Bg7 4. e4 d6 5. Nge2 O-O 6. Ng3 Nc6
7. Be2 e5 8. d5 Ne7 9. O-O Ne8 10. Bd2 f5 11. exf5 gxf5 12. f3
Nf6 13. Kh1 a6 14. Qc2 Qe8 15. Bd3 Nh5 16. Nce2 Bd7 17. Rae1
Nxg3+ 18. Nxg3 Qf7 19. b4 Kh8 20. Bg5 Rae8 21. Qd2 Ng8 22. Qc1
Qg6 23. Bd2 Ne7 24. a3 Qf7 25. Qc2 Rg8 26. Qc1 Ref8 27. Rf2
Ng6 28. Nh5 f4 29. Nxg7 Qxg7 30. Rg1 Qf6 31. g3 fxg3 32. Rxg3
Qf7 33. Bh6 Re8 34. Qe3 Nh4 35. Bg5 Nf5 36. Bxf5 Bxf5 37. Rfg2
Bg6 38. Qg1 c6 39. dxc6 bxc6 40. Qf1 Bf5 41. Qe2 Bg6 42. Qd2
Re6 43. Be3 Rge8 44. Qc3 Rf6 45. Bg5 Rfe6 46. f4 Be4 47. fxe5
Bxg2+ 48. Rxg2 dxe5 49. Rg1 Rg6 50. Qe3 Qxc4 51. Bh4 Rxg1+
52. Qxg1 Qxh4 53. Qf2 Qxf2 0-1

[Event "FIDE Online Olympiad"]
[Site "Chess.com"]
[Date "2020.08.07"]
[EventDate "2020.08.07"]
[Round "1"]
[Result "0-1"]
[White "Korab Saraci"]
[Black "Kastriot Memeti"]
[WhiteElo "2077"]
[BlackElo "2129"]
[PlyCount "60"]

1. e4 e6 2. d4 d5 3. Nd2 c5 4. c3 cxd4 5. cxd4 dxe4 6. Nxe4
Nf6 7. Nc3 Be7 8. Nf3 O-O 9. Bd3 b6 10. O-O Bb7 11. Bg5 Nc6
12. Rc1 Rc8 13. Qa4 h6 14. Bh4 Nb4 15. Be2 a5 16. Rfd1 Nbd5
17. Bg3 Nxc3 18. bxc3 Ne4 19. Qb3 a4 20. Qb2 Qd5 21. Bd3 Ng5
22. Be2 Qd8 23. Rb1 Be4 24. Bd3 Nxf3+ 25. gxf3 Bxf3 26. Rdc1
Ba8 27. Qxb6 Qd5 28. Kf1 Bg5 29. Re1 Qg2+ 30. Ke2 Bf3# 0-1

[Event "FIDE Online Olympiad"]
[Site "Chess.com"]
[Date "2020.08.07"]
[EventDate "2020.08.07"]
[Round "1"]
[Result "0-1"]
[White "Sarah Snoeck"]
[Black "Arlinda Aliu"]
[WhiteElo "1644"]
[BlackElo "1742"]
[PlyCount "136"]

1. e4 e5 2. Nf3 Nc6 3. Bb5 Bc5 4. c3 Nf6 5. O-O O-O 6. Re1 d6
7. h3 Ne7 8. d4 exd4 9. cxd4 Bb6 10. Nbd2 c6 11. Ba4 Ng6
12. Nf1 h6 13. Ng3 Be6 14. Bc2 Re8 15. b3 Ba5 16. Bd2 Bxd2
17. Qxd2 c5 18. a4 Qb6 19. Rab1 cxd4 20. Nxd4 a6 21. Kh1 Rac8
22. f4 Bd7 23. Ngf5 Bxf5 24. Nxf5 Qc5 25. Rbc1 Rcd8 26. Bd3
Qb6 27. Qd1 d5 28. e5 Ne4 29. Bxe4 dxe4 30. Qc2 Nxf4 31. Qxe4
Nd3 32. Qg4 Qg6 33. Qxg6 fxg6 34. Rc7 Nxe1 35. Rxg7+ Kf8
36. Rxg6 Rxe5 37. Nxh6 Rd1 38. Kh2 Rb1 39. Rg8+ Ke7 40. Rg7+
Kf6 41. Rxb7 Kg6 42. Ng4 Re6 43. Rb8 Rb2 44. Kg3 Rxg2+ 45. Kf4
Nd3+ 46. Kf3 Rg1 47. Rg8+ Kh7 48. Rd8 Ne5+ 49. Nxe5 Rxe5
50. Rd7+ Kg6 51. Rd6+ Kf7 52. Rxa6 Rf1+ 53. Kg2 Rf6 54. Ra7+
Kg6 55. b4 Rg5+ 56. Kh2 Rd5 57. Kg3 Kg5 58. Rg7+ Kh6 59. Rg4
Rc6 60. Rh4+ Kg5 61. Rg4+ Kf5 62. Rf4+ Ke5 63. b5 Rd3+ 64. Rf3
Rg6+ 65. Kf2 Rd2+ 66. Ke3 Ra2 67. h4 Rxa4 68. h5 Rh6 0-1

[Event "FIDE Online Olympiad"]
[Site "Chess.com"]
[Date "2020.08.07"]
[EventDate "2020.08.07"]
[Round "1"]
[Result "0-1"]
[White "Rinesa Saraci"]
[Black "Diana Musabayeva"]
[WhiteElo "1184"]
[BlackElo "1517"]
[PlyCount "134"]

1. e4 c5 2. Nc3 d6 3. Nf3 Nf6 4. Bc4 a6 5. a3 e6 6. d3 Be7
7. O-O O-O 8. h3 h6 9. Bd2 b5 10. Bb3 Bb7 11. Re1 Nbd7 12. e5
Bxf3 13. Qxf3 Nxe5 14. Qe2 Re8 15. Ne4 Ned7 16. Ng3 Bf8 17. c3
Qc7 18. Bf4 Rad8 19. Rac1 Nb6 20. Nh5 Nbd7 21. Nxf6+ Nxf6
22. a4 Qd7 23. Qc2 Qc6 24. Red1 Nd5 25. Be3 Nxe3 26. fxe3 c4
27. dxc4 bxc4 28. Ba2 d5 29. Rd4 Bc5 30. b3 e5 31. Rdd1 Bxe3+
32. Kh1 Bxc1 33. Rxc1 cxb3 34. Bxb3 d4 35. cxd4 Qxc2 36. Rxc2
exd4 37. Rf2 Re7 38. Rd2 d3 39. Bc4 Re1+ 40. Kh2 Re2 41. Rxd3
Rxd3 42. Bxd3 Ra2 43. Bxa6 Rxa4 44. Bb5 Rb4 45. Bc6 Kf8 46. g4
Rb3 47. Bd5 Rc3 48. Kg2 g5 49. Be4 Ke7 50. Bf5 Kd6 51. Kh2 Ke5
52. Kg2 Kf4 53. Kh2 Rb3 54. Bd7 Rb2+ 55. Kg1 Kg3 56. Kf1 Kxh3
57. Ke1 Kg3 58. Kd1 Rb4 59. Ke2 Rxg4 60. Bxg4 Kxg4 61. Kf2 f5
62. Kg2 f4 63. Kg1 f3 64. Kf2 Kf4 65. Kg1 Ke3 66. Kf1 h5
67. Kg1 Ke2 0-1

[Event "FIDE Online Olympiad"]
[Site "Chess.com"]
[Date "2020.08.07"]
[EventDate "2020.08.07"]
[Round "1"]
[Result "0-1"]
[White "Ndriqona Saraci"]
[Black "Tyani De Rycke"]
[WhiteElo "1225"]
[BlackElo "1924"]
[PlyCount "70"]

1. e4 c5 2. Nf3 e6 3. d4 cxd4 4. Nxd4 Nf6 5. Nc3 Nc6 6. Be3
Bb4 7. Bd3 Qa5 8. Qd2 d5 9. Nxc6 bxc6 10. exd5 Nxd5 11. O-O
Nxc3 12. Qc1 Nd5 13. a3 Be7 14. Bd2 Qb6 15. b4 O-O 16. c4 Nf6
17. c5 Qd8 18. Bc4 Nd5 19. Qc2 Bf6 20. Rad1 Qc7 21. Bc1 a5
22. Bxd5 exd5 23. Bb2 Bxb2 24. Qxb2 axb4 25. axb4 Ba6 26. Rfe1
Bc4 27. Qd4 Rfe8 28. Rxe8+ Rxe8 29. Qc3 Qe5 30. Qxe5 Rxe5
31. h3 g6 32. Ra1 Re2 33. Kh2 Rxf2 34. Ra8+ Kg7 35. Rc8 Bb5
0-1

[Event "FIDE Online Olympiad"]
[Site "Chess.com"]
[Date "2020.08.07"]
[EventDate "2020.08.07"]
[Round "2"]
[Result "0-1"]
[White "Fy Antenaina Rakotomaharo"]
[Black "Araz Basim Mohammed S Al-Saffar"]
[WhiteElo "2370"]
[BlackElo "2371"]
[PlyCount "144"]

1. e4 e5 2. Nf3 Nf6 3. Nxe5 d6 4. Nf3 Nxe4 5. d4 d5 6. Bd3 Be7
7. O-O O-O 8. Re1 Bf5 9. Nbd2 Nxd2 10. Bxf5 Nxf3+ 11. Qxf3 g6
12. Bh6 Re8 13. Bd3 Nc6 14. c3 Qd7 15. Qf4 Bf8 16. Bxf8 Kxf8
17. h4 Rxe1+ 18. Rxe1 Re8 19. Rxe8+ Kxe8 20. h5 f5 21. g4 Ne7
22. Qe5 Qd6 23. Qh8+ Kd7 24. Qxh7 Qf4 25. Be2 fxg4 26. hxg6
Qe4 27. Bf1 Kd6 28. Qh2+ Kd7 29. g7 Qg6 30. Qe5 Qe6 31. Qf4
Qg6 32. Be2 Qxg7 33. Qxg4+ Qxg4+ 34. Bxg4+ Ke8 35. Kg2 Kf7
36. Kg3 Kf6 37. Bd7 b6 38. Kf4 Ng6+ 39. Ke3 Ne7 40. b3 Kg5
41. c4 Kf6 42. Be8 Kf5 43. Bf7 dxc4 44. bxc4 c5 45. Be8 Ke6
46. Ke4 Nc8 47. dxc5 bxc5 48. Kf4 Nd6 49. Ba4 Kf6 50. Bb5 Ke6
51. Ba6 Kf6 52. f3 Ke6 53. Kg4 Kf6 54. Kf4 Ke6 55. Kg5 Nf7+
56. Kg4 Nd6 57. a3 Kf6 58. Kf4 Ke6 59. Bb5 Kf6 60. a4 a5
61. Ba6 Ke6 62. Bb5 Kf6 63. Kg4 Ke6 64. f4 Kf6 65. Kf3 Kg6
66. Bc6 Nxc4 67. Ke4 Nb6 68. Ke5 c4 69. Ke6 Kg7 70. Ke7 c3
71. f5 Nc8+ 72. Kd7 c2 0-1

[Event "FIDE Online Olympiad"]
[Site "Chess.com"]
[Date "2020.08.07"]
[EventDate "2020.08.07"]
[Round "2"]
[Result "0-1"]
[White "Ali Layth Ahmed Ahmed"]
[Black "Miora Andriamasoandro"]
[WhiteElo "2216"]
[BlackElo "2099"]
[PlyCount "72"]

1. d4 Nf6 2. c4 e6 3. Nf3 Bb4+ 4. Bd2 Qe7 5. g3 Nc6 6. Bg2 Na5
7. Qa4 Bxd2+ 8. Nbxd2 Nc6 9. O-O O-O 10. e4 e5 11. d5 Nb8
12. c5 d6 13. cxd6 cxd6 14. Rac1 Na6 15. b4 Bd7 16. Qb3 Rfc8
17. a3 Rxc1 18. Rxc1 Rc8 19. Rc3 g6 20. Bf1 Kg7 21. Rxc8 Bxc8
22. Bxa6 bxa6 23. Qc3 Bb7 24. Qc4 Qd7 25. Kg2 Kf8 26. Ne1 h5
27. Nef3 Ke7 28. h3 Nh7 29. Nb3 Bc8 30. Ng1 Ng5 31. h4 Nh7
32. Na5 Bb7 33. Nc6+ Kf8 34. Nxa7 f5 35. Nc6 fxe4 36. Qxe4 Kg7
0-1

[Event "FIDE Online Olympiad"]
[Site "Chess.com"]
[Date "2020.08.07"]
[EventDate "2020.08.07"]
[Round "2"]
[Result "0-1"]
[White "Ny Koloina Andrianarison"]
[Black "Sali Abbas Abdulzahra A-ALI"]
[WhiteElo "1203"]
[BlackElo "1749"]
[PlyCount "68"]

1. d4 d5 2. Bf4 Nf6 3. Nf3 e6 4. e3 Bd6 5. Bd3 Bxf4 6. exf4
Qd6 7. Qd2 Nc6 8. c3 Ne7 9. Ne5 a6 10. O-O O-O 11. Qe2 c5
12. Nd2 cxd4 13. cxd4 Nd7 14. Qh5 Nf6 15. Qh3 Ng6 16. g3 Nd7
17. Ndf3 Ndxe5 18. Nxe5 f5 19. Rfc1 Qb6 20. Nxg6 hxg6 21. Rc2
Qxd4 22. Be2 Bd7 23. Rac1 Rac8 24. b3 Rxc2 25. Rxc2 Bc6
26. Qh4 Qe4 27. Rxc6 bxc6 28. Bf1 Re8 29. Bg2 Qb1+ 30. Bf1
Qxa2 31. Qg5 Kf7 32. h4 Rh8 33. Kg2 a5 34. Ba6 Qxb3 0-1

[Event "FIDE Online Olympiad"]
[Site "Chess.com"]
[Date "2020.08.07"]
[EventDate "2020.08.07"]
[Round "2"]
[Result "0-1"]
[White "Jake Darmanin"]
[Black "Korab Saraci"]
[WhiteElo "2134"]
[BlackElo "2077"]
[PlyCount "64"]

1. e4 e5 2. Nf3 Nf6 3. Nxe5 d6 4. Nf3 Nxe4 5. Nc3 Nxc3 6. dxc3
Be7 7. Be3 O-O 8. Qd2 Nd7 9. O-O-O Nf6 10. Bd3 c5 11. h3 Qa5
12. Kb1 Be6 13. c4 Qa6 14. Qe2 b5 15. Nd2 Rab8 16. b3 Qa3
17. c3 d5 18. cxb5 c4 19. Bc2 Rxb5 20. Nf3 Ra5 21. b4 Qxa2+
22. Kc1 Ra3 23. Bd4 Bf5 24. Ne1 Ne4 25. f3 Bg5+ 26. Be3 Nxc3
27. Qd2 Nxd1 28. Kxd1 Bxe3 29. Qe2 Bd3 30. Qxe3 Bxc2+ 31. Nxc2
Rxe3 32. Nxe3 Qb1+ 0-1

[Event "FIDE Online Olympiad"]
[Site "Chess.com"]
[Date "2020.08.07"]
[EventDate "2020.08.07"]
[Round "2"]
[Result "0-1"]
[White "Endrit Uruci"]
[Black "Jack Mizzi"]
[WhiteElo "2180"]
[BlackElo "1543"]
[PlyCount "68"]

1. e4 c6 2. Nc3 d5 3. Nf3 dxe4 4. Nxe4 Nf6 5. Qe2 Nxe4 6. Qxe4
Nd7 7. Bc4 Nf6 8. Ne5 e6 9. Qe2 Bd6 10. d4 O-O 11. Bg5 Be7
12. O-O-O Nd5 13. Bxe7 Qxe7 14. h4 f6 15. Nd3 Qd6 16. g4 Nb6
17. Bb3 Nd5 18. g5 fxg5 19. hxg5 Nf4 20. Qe4 Nxd3+ 21. Qxd3
Qf4+ 22. Kb1 Qf5 23. Qe2 Qxg5 24. Rdg1 Qf6 25. Rh2 Rf7 26. c3
g6 27. Rg3 Bd7 28. Re3 Re8 29. a4 a5 30. Bc4 c5 31. dxc5 Qf5+
32. Ka2 Qxc5 33. Bxe6 Bxe6+ 34. Rxe6 Qd5+ 0-1

[Event "FIDE Online Olympiad"]
[Site "Chess.com"]
[Date "2020.08.07"]
[EventDate "2020.08.07"]
[Round "2"]
[Result "0-1"]
[White "Milena Stagno"]
[Black "Rinesa Saraci"]
[WhiteElo "1309"]
[BlackElo "1184"]
[PlyCount "60"]

1. e4 e5 2. Nf3 Nc6 3. d4 exd4 4. Nxd4 d6 5. Nxc6 bxc6 6. Nc3
Nf6 7. Bc4 Be7 8. O-O O-O 9. Bf4 h6 10. Qd2 Be6 11. Bb3 Bxb3
12. axb3 Re8 13. Rfe1 Nh5 14. Be3 Nf6 15. Rxa7 Rxa7 16. Bxa7
Qa8 17. Be3 Qa5 18. Rd1 Nd7 19. Qe2 Bf6 20. Bd2 Qc5 21. Be3
Qe5 22. Bd4 Qf4 23. Bxf6 Nxf6 24. f3 d5 25. Re1 dxe4 26. fxe4
Re5 27. Qc4 c5 28. Na4 Ng4 29. Qe2 Qxh2+ 30. Kf1 Qh1# 0-1

[Event "FIDE Online Olympiad"]
[Site "Chess.com"]
[Date "2020.08.07"]
[EventDate "2020.08.07"]
[Round "2"]
[Result "0-1"]
[White "Ifan Rathbone-Jones"]
[Black "Warre De Waele"]
[WhiteElo "1679"]
[BlackElo "2238"]
[PlyCount "72"]

1. d4 Nf6 2. Bf4 d5 3. Nf3 c5 4. e3 Nc6 5. c3 Qb6 6. Qc2 g6
7. Nh4 Bg7 8. Nd2 O-O 9. Be2 Nd7 10. Nhf3 e5 11. dxe5 Ndxe5
12. Nxe5 Nxe5 13. h4 Bf5 14. Qb3 Qc6 15. Bxe5 Bxe5 16. g4 Be6
17. Qc2 d4 18. Bf3 Qd7 19. O-O-O dxc3 20. bxc3 Qb5 21. c4 Qa5
22. Nb3 Qa3+ 23. Kd2 Qb4+ 24. Kc1 a5 25. Rd5 Bxd5 26. Bxd5 a4
27. Nd2 Qa3+ 28. Kd1 Rad8 29. f4 Bg7 30. h5 Qxe3 31. hxg6 hxg6
32. Qxg6 Qxd2+ 33. Kxd2 Rxd5+ 34. Qd3 Rxd3+ 35. Kxd3 Rd8+
36. Kc2 Rd4 0-1

[Event "FIDE Online Olympiad"]
[Site "Chess.com"]
[Date "2020.08.07"]
[EventDate "2020.08.07"]
[Round "2"]
[Result "0-1"]
[White "Alnasser Tala"]
[Black "Lubuuto Bwalya Mulwale"]
[WhiteElo "1077"]
[BlackElo "1702"]
[PlyCount "122"]

1. d4 d5 2. Nf3 Nf6 3. Bg5 e6 4. c3 Be7 5. e3 O-O 6. Nbd2 Nbd7
7. Bd3 b6 8. Qa4 Bb7 9. Ne5 c5 10. Nxd7 Nxd7 11. Bxe7 Qxe7
12. dxc5 Nxc5 13. Qc2 Nxd3+ 14. Qxd3 Qg5 15. O-O d4 16. Ne4
Qf5 17. f3 dxc3 18. Qxc3 Bxe4 19. fxe4 Qxe4 20. Rf4 Qd5 21. e4
Qg5 22. Raf1 Rac8 23. Qh3 Rc2 24. Rg4 Qc5+ 25. Kh1 Rxb2
26. Rh4 Rf2 27. Rg1 h6 28. Qg3 Kh7 29. e5 Rxa2 30. Qd3+ Kh8
31. Qd6 Qxd6 32. exd6 Rd8 33. Rd4 Rc2 34. h3 Rc6 35. Rgd1 Kg8
36. Kg1 f6 37. Kf2 Kf7 38. Ke3 e5 39. Ra4 Rd7 40. Ke4 Ke6
41. Rda1 a5 42. Rb1 Rcxd6 43. Rc4 Rd4+ 44. Rxd4 Rxd4+ 45. Kf3
Rb4 46. Rc1 f5 47. Rc7 Rb3+ 48. Ke2 g5 49. Rc6+ Kd5 50. Rxh6
Ke4 51. Rh5 Rb2+ 52. Kf1 g4 53. hxg4 fxg4 54. Rg5 Kf4 55. Rg6
g3 56. Rf6+ Kg4 57. Re6 Kf5 58. Re7 Rf2+ 59. Kg1 Rb2 60. Rf7+
Ke4 61. Rg7 Rb1# 0-1

[Event "FIDE Online Olympiad"]
[Site "Chess.com"]
[Date "2020.08.07"]
[EventDate "2020.08.07"]
[Round "2"]
[Result "0-1"]
[White "Fadi Eid"]
[Black "Thanadon Kulpruethanon"]
[WhiteElo "2337"]
[BlackElo "2190"]
[PlyCount "50"]

1. e4 c5 2. Nf3 Nc6 3. d4 cxd4 4. Nxd4 g6 5. Nc3 Bg7 6. Be3
Nf6 7. Nxc6 bxc6 8. e5 Ng8 9. Bd4 Qa5 10. Bc4 Bxe5 11. O-O Nh6
12. Re1 f6 13. Bxe5 fxe5 14. Qe2 d6 15. Rad1 Nf5 16. Qe4 Bd7
17. a3 Rf8 18. Bb3 Rf6 19. f4 exf4 20. Qxf4 O-O-O 21. Rxe7
Nxe7 22. Qxf6 Nf5 23. Ne4 Kc7 24. g4 Qb6+ 25. Kh1 Qe3 0-1

[Event "FIDE Online Olympiad"]
[Site "Chess.com"]
[Date "2020.08.07"]
[EventDate "2020.08.07"]
[Round "2"]
[Result "0-1"]
[White "Tupfah Khumnorkaew"]
[Black "Maroun Tomb"]
[WhiteElo "1888"]
[BlackElo "2177"]
[PlyCount "60"]

1. d4 d6 2. c4 Nf6 3. Nc3 Nbd7 4. e4 e5 5. Nf3 Be7 6. g3 c6
7. Bg2 O-O 8. O-O a6 9. a4 a5 10. Re1 exd4 11. Nxd4 Nc5 12. f4
Qc7 13. Kh1 Re8 14. Qc2 Bf8 15. Be3 Na6 16. Bg1 Nd7 17. Rad1
Ndc5 18. Rd2 Bg4 19. Bf3 Nb4 20. Qd1 Bxf3+ 21. Qxf3 g6
22. Red1 Re7 23. Nc2 Nb3 24. Re2 Nxc2 25. Rxc2 Rae8 26. c5
dxc5 27. e5 Rd8 28. Rxd8 Qxd8 29. Ne4 Nd4 30. Qd1 Qd5 0-1

[Event "FIDE Online Olympiad"]
[Site "Chess.com"]
[Date "2020.08.07"]
[EventDate "2020.08.07"]
[Round "2"]
[Result "0-1"]
[White "Samer Salman"]
[Black "Prin Laohawirapap"]
[WhiteElo "1735"]
[BlackElo "1834"]
[PlyCount "62"]

1. e4 c5 2. Nf3 Nc6 3. d4 cxd4 4. Nxd4 g6 5. Nc3 Bg7 6. Be3
Nf6 7. Bc4 O-O 8. Bb3 Re8 9. f3 e6 10. Qd2 d5 11. O-O-O Nxd4
12. Bxd4 e5 13. Bc5 d4 14. Nd5 Nxd5 15. exd5 a5 16. c3 b6
17. Ba3 b5 18. d6 b4 19. cxb4 Bf5 20. Bc4 Rc8 21. b3 Qxd6
22. g4 Be6 23. Qd3 axb4 24. Bb2 Qa6 25. Kb1 Rxc4 26. bxc4 Bxc4
27. Qc2 Bxa2+ 28. Kc1 Rc8 29. Qxc8+ Qxc8+ 30. Kd2 Bh6+ 31. Ke1
Qc2 0-1

[Event "FIDE Online Olympiad"]
[Site "Chess.com"]
[Date "2020.08.07"]
[EventDate "2020.08.07"]
[Round "3"]
[Result "0-1"]
[White "Miora Andriamasoandro"]
[Black "Tupfah Khumnorkaew"]
[WhiteElo "2099"]
[BlackElo "1888"]
[PlyCount "84"]

1. e4 e5 2. Nf3 Nc6 3. d4 exd4 4. Nxd4 Nf6 5. Nxc6 bxc6 6. e5
Nd5 7. c4 Nb6 8. Nc3 d5 9. exd6 Bxd6 10. Qe2+ Qe7 11. Bg5
Qxe2+ 12. Bxe2 Be6 13. b3 O-O 14. O-O a5 15. Bf3 Bd7 16. a4 f5
17. Be3 Bb4 18. Ne2 Rae8 19. Rfd1 Rf7 20. Bh5 g6 21. Bf3 Nc8
22. Rxd7 Rxd7 23. Bxc6 Rxe3 24. fxe3 Rd3 25. Bd5+ Kg7 26. Nf4
Rxe3 27. Ne6+ Kf6 28. Nxc7 Rxb3 29. Bb7 Bc5+ 30. Kh1 Rxb7
31. Nd5+ Kg7 32. Re1 Nd6 33. Nf4 Ne4 34. g3 Rb2 35. Rxe4 fxe4
36. Ne6+ Kf6 37. Nxc5 Ke5 38. Nd7+ Kd4 39. c5 Rc2 40. Kg1 e3
41. h4 Ke4 42. g4 Kf3 0-1